Top Goalscorer by Image #2 - Statistics

General Stats
  • This quiz has been taken 113 times
  • The average score is 12 of 20
Answer Stats
Picture Hint Answer % Correct
Wales Gareth Bale
100%
Paris Saint-Germain Kylian Mbappé
100%
Barcelona Lionel Messi
100%
Tottenham Hotspur Harry Kane
99%
Brazil Neymar Jr.
99%
Arsenal Thierry Henry
95%
Atlético Madrid Antoine Griezmann
93%
Manchester City Sergio Agüero
92%
Colombia Radamel Falcao
70%
Brazil (women) Marta
68%
Napoli Dries Mertens
65%
Australia Tim Cahill
65%
La Galaxy Landon Donovan
64%
Inter Milan Giuseppe Meazza
28%
Iran Ali Daei
26%
Italy Gigi Riva
13%
AC Milan Gunnar Nordahl
11%
Borussia Mönchengladbach Jupp Heynckes
9%
Celtic Jimmy McGrory
2%
Olympique de Marseille Gunnar Andersson
1%
No matching quizzes found
Score Distribution
Percent of People with Each Score
Percentile by Number Answered
Your Score History
You have not taken this quiz